| 000 | 01260cam a2200361 i 4500 | ||
|---|---|---|---|
| 999 |
_c200430984 _d49195 |
||
| 001 | 200430984 | ||
| 003 | TR-AnTOB | ||
| 005 | 20241106171929.0 | ||
| 007 | ta | ||
| 008 | 111115t20112011enk b 001 0 eng | ||
| 010 | _a 2011943525 | ||
| 020 | _a9780199563203 (cloth) | ||
| 020 | _a0199563209 (cloth) | ||
| 035 | _a(TR-AnTOB)200430984 | ||
| 040 |
_aDLC _beng _erda _cDLC _dDLC _dTR-AnTOB |
||
| 041 | 0 | _aeng | |
| 042 | _apcc | ||
| 050 | 0 | 0 |
_aKJE2768 _b.F48 2011 |
| 090 |
_aKJE2768 _b.F48 2011 |
||
| 100 | 1 |
_aFhima, Ilanah Simon _eauthor _9121689 |
|
| 245 | 1 | 0 |
_aTrade mark dilution in Europe and the United States / _cIlanah Simon Fhima. |
| 264 | 1 |
_aOxford ; _aNew York : _bOxford University Press, _c2011. |
|
| 264 | 4 | _c©2017 | |
| 300 |
_axxviii, 258 pages ; _c25 cm |
||
| 336 |
_atext _btxt _2rdacontent |
||
| 337 |
_aunmediated _bn _2rdamedia |
||
| 338 |
_avolume _bnc _2rdacarrier |
||
| 650 | 0 |
_aTrademarks _xLaw and legislation _zEuropean Union countries _9121690 |
|
| 650 | 0 |
_aTrademarks _xLaw and legislation _zUnited States _9115927 |
|
| 856 | 4 | 2 |
_3Publisher description _uhttps://global.oup.com/academic/product/trade-mark-dilution-in-europe-and-the-united-states-9780199563203?cc=tr&lang=en& |
| 942 |
_2lcc _cBK |
||